000 00572nam a2200181Ia 4500
008 090630s9999 xx 000 0 und d
082 _b18807
100 _aवर्तक उषा.
245 _aराणीची अंगठी.
_cवर्तक उषा.
260 _bशकुन - पुणे.
300 _a16
600 _aवर्तक उषा.
630 _aराणीची अंगठी.
655 _aबालवाङमय.
700 _aवर्तक उषा.
730 _aराणीची अंगठी.
942 _cBOOK
999 _c270663
_d270663